| 000 | 01133cam a2200277 a 4500 | ||
|---|---|---|---|
| 001 | |||
| 003 | DO-SdBNP | ||
| 005 | 20240119073226.0 | ||
| 008 | 080613s2008 xx b 000 0 spa | ||
| 020 | _a9781414317236 | ||
| 020 | _a1414317239 | ||
| 040 |
_aBPMSU _bspa _cBPMSU |
||
| 082 | 4 |
_a306.8 _bC466s 2008 _222 |
|
| 100 | 1 |
_aChapman, Gary D., _d1938- |
|
| 245 | 1 | 4 |
_aLos suegros : _bla guía Chapman para los suegros, los yernos, las nueras y los cuñados / _cGary D. Chapman. |
| 260 |
_aCarol Stream, Ill. : _bTyndale House Publishers, _c2008. |
||
| 300 |
_axvii, 153 p. ; _c19 cm. |
||
| 500 | _a | ||
| 504 | _aIncluye referencias bibliográficas y notas al pie de las páginas | ||
| 505 | 0 | _aIntroducción -- Escucha antes de hablar -- Aprende el arte de mostrar respeto -- Habla por ti mismo -- Procura negociar -- Formula pedidos en lugar de exigencias -- Otorga el regalo de la libertad -- Sobre todo, ama. | |
| 534 |
_aTítulo original : _tIn-law relationships. |
||
| 590 | _aInventariado, 2024/VM | ||
| 650 | 4 |
_aSuegras _xRelaciones familiares. |
|
| 910 | _aVMateo V. Control de calidad BPMSU | ||
| 942 |
_2ddc _cBK |
||
| 999 |
_c14401 _d14401 |
||